00691 2200253 4500001002100000005001500021020002200036035002400058040001200082082001400094084001400108090001400122100002400136245009800160250001000258260004100268300003500309650001600344700001700360850001200377990001600389990001600405990001600421YOGYA00000000010037520140823125525 a978-602-229-085-8 0010-111300000000495 aYOPDYOG 2[22]a615 a615 Ibn A a615 Ibn A aIBNU GHOLIB GONDJAR aAnalisis Obat :bSecara speklrabotomeli dan kromatografi /cIbnu Gholib Gandjar, Abdul Rohman aCet.1 aYogyakarta :bpustaka pelajar,c2012 axv, 510 hlm.;c23 cm. (3 eks.) aFarmakologi aAbdul Rohman aYOPDYOG a3048/B.2013 a3049/B.2013 a3050/B.2013